MARC

LEADER 00000nam0a2200000 4500
001 322427
005 20231102003455.0
035 |a (RuTPU)RU\TPU\book\347986 
090 |a 322427 
100 |a 20160927d1977 m y0rusy50 ca 
101 0 |a rus 
102 |a RU 
105 |a a z 000zb 
200 1 |a Н. И. Пискарев  |f М. Ю. Панов  |g Московский клуб экслибрисистов 
210 |a Москва  |c Книга  |d 1977 
215 |a 15 с.  |c ил. 
225 1 |a Книжные знаки мастеров графики 
600 1 |a Пискарев  |b Н. И.  |c художник  |c иллюстратор  |f 1892-1959  |g Николай Иванович  |2 stltpush  |3 (RuTPU)RU\TPU\pers\28441  |9 13279 
606 1 |a Экслибрис  |2 stltpush  |3 (RuTPU)RU\TPU\subj\26773  |9 50629 
610 1 |a искусство 
610 1 |a гравюра 
610 1 |a биографии 
610 1 |a граверы 
610 1 |a 20 век 
675 |a 76  |v 4 
700 1 |a Панов  |b М. Ю.  |g Михаил Юрьевич 
712 0 2 |a Московский клуб экслибрисистов  |2 stltpush  |3 (RuTPU)RU\TPU\col\13382  |9 25631 
801 1 |a RU  |b 63413507  |c 20160927 
801 2 |a RU  |b 63413507  |c 20200709  |g RCR 
942 |c BK